000 00807nam a2200253 i 4500
001 18383
003 ES-MaACL
005 20230906151826.0
007 t|
008 011213s1968 fr |||| | fre d
080 _a929 London, Arthur
080 _a32(437)1945/92"
100 1 _aLondon, Arthur.
_973216
245 1 2 _aL'aveu
_b: dans l'engrenage du Procès de Prague /
_cArtur London ; version française d'Artur et Lise London.
260 _a[Paris] :
_bGallimard,
_c1968.
300 _a452 p. ;
_c22 cm.
490 1 _aTémoins
600 1 4 _aLondon, Arthur.
_973216
651 4 _aChecoslovaquia-
_xPolítica y gobierno-
_y1945-1992.
_98036
700 1 _aLondon, Lise.
_973220
830 0 _aTémoins
_9228798
852 _aES-MaACL
_jAND-144
_z. - Biblioteca Juan Andrade
999 _c18383
_d18383